02268cas a2200445 450000100090000000300060000900500170001500700030003200800410003501000170007601600180009302200170011103500240012803700790015204001340023104200140036505000170037908200130039621000150040922200150042424500460043926000630048530000210054831000140056936200130058344000560059650000310065250000990068350006230078253000300140561000500143565000270148565000320151265000290154470000310157371000360160477600600164077600500170078000720175011171742AUA.120170522120000.0t|731115c19739999kyuqr p 0 a0eng  a 73644873 7 a0117649692Uk a0091-829621 a(OCoLC)ocm01787681  bLorraine Pellon, Business Manager, P.O. Box 1041, New Canaan, Conn., 06840 aDLCbengcDLCdOCoLCdNSDPdNSTdAIPdNSDPdNSTdMHdOCoLCdDLCdOCoLCdATLAdOCoLCdCaQQLdZP2dOCoLCdUKMGBdUkLSOAdOCoLCdDLC apccansdp00aBV2000b.M5504a266/.0070 aMissiology 0aMissiology00aMissiology :bCommunity and Communities / a[Wilmore, Ky, etc.,bAmerican Society of Missiology]c2008 av.bill.c23 cm. aQuarterly0 aOct 2008 aMissiology: Community and CommunitiesvVol.36, No.4 a"An international review." aVols. for published for the American Society of Missiology by Sage Publications. aArticles: The family of God: an ecclesial model for HIV prevention in Africa; God makes a world of difference: the dialectic of motivation and meaning at the creation of an African theistic worldview; Community formation in contemporary Japanese religions and the implications for missional Christianity; The lost MK: a qualitative study exploring the choice of some adult missionary kids to leave their parents’ faith; Rethinking Christian missions: Said’s orientationalism and Christian missionary responses to prostitution in Thailand; Dialogue and its discontents: theological and anthropological reflections;  aAlso issued in online ed.24aAmerican Society of Missiology.vPeriodicals. 0aMissionsvPeriodicals. 6aMissiologievPériodiques. 6aMissionsvPériodiques. aJ. Nelson JenningseEditor2 aAmerican Society of Missiology.1 tMissiology (Online)w(DLC) 2004221990w(OCoLC)5734693608iOnline version:tMissiologyw(OCoLC)75993361302tPractical anthropologyx0032-633Xw(DLC) 63038045w(OCoLC)1762756